[Event "Washington Open--Booster Section"]
[Site "Lynnwood, WA"]
[Date "2017.05.28"]
[Round "4"]
[White "Pai  (WA), Ajay"]
[Black "Chen  (WA), Aiden"]
[Result "1-0"]
[WhiteElo "550"]
[BlackElo "988"]
[PlyCount "84"]
[EventDate "2017.06.02"]
[SourceDate "2017.07.04"]
[SourceVersionDate "2017.07.04"]

1. e4 e5 2. Nf3 Nc6 3. Bc4 Nf6 4. d3 Be7 5. O-O O-O 6. Nc3 d6 7. h3 Be6 8. Bb3
Nd4 9. Nxd4 exd4 10. Nd5 Nxd5 11. Bxd5 Bxd5 12. exd5 Bg5 13. Re1 Qf6 14. Qg4
Bxc1 15. Raxc1 Rfe8 16. Qd7 Rxe1+ 17. Rxe1 Qd8 18. Qxd8+ Rxd8 19. Re4 f6 20. g4
Kf7 21. Rxd4 c6 22. dxc6 bxc6 23. Rb4 Ke6 24. Rb7 Rd7 25. Rxd7 Kxd7 26. f4 Ke6
27. c4 d5 28. Kf2 c5 29. Ke3 a6 30. b3 g6 31. d4 Kd6 32. Kd3 a5 33. a4 Kc6 34.
Kc3 Kd6 35. dxc5+ Kxc5 36. cxd5 Kxd5 37. b4 axb4+ 38. Kxb4 Kc6 39. a5 Kb7 40.
Kb5 Ka7 41. a6 Ka8 42. h4 Ka7 1-0

[Event "Washington Open--Open Section"]
[Site "Lynnwood, WA"]
[Date "2017.05.28"]
[Round "4"]
[White "Roring  (OR), Tres"]
[Black "Sinanan  (WA), Josh"]
[Result "0-1"]
[WhiteElo "2076"]
[BlackElo "2261"]
[PlyCount "110"]
[EventDate "2017.06.02"]
[SourceDate "2017.07.04"]
[SourceVersionDate "2017.07.04"]

1. Nf3 Nf6 2. b3 c5 3. e3 g6 4. Bb2 Bg7 5. d4 cxd4 6. exd4 d5 7. Bd3 Nc6 8. a3
Bf5 9. Bxf5 gxf5 10. O-O e6 11. Nbd2 O-O 12. Ne5 Rc8 13. c4 dxc4 14. Ndxc4 Qd5
15. Re1 Rfd8 16. Nxc6 Qxc6 17. Rc1 Nd5 18. Ne5 Qe8 19. Qf3 Rxc1 20. Rxc1 Rc8
21. Qd1 f6 22. Nd3 Rxc1 23. Qxc1 b6 24. Qc4 Bf8 25. Bc1 Bd6 26. h3 Qd7 27. a4
Kf7 28. b4 Qxa4 29. g3 Qd7 30. Bf4 Bxf4 31. Nxf4 Qc7 32. Qe2 Qc1+ 33. Kh2 Nxf4
34. gxf4 Qxf4+ 35. Kg1 Qxd4 36. Qh5+ Kg7 37. Qe8 Qd1+ 38. Kg2 Qd5+ 39. Kg1 Qd6
40. b5 f4 41. Qc6 Qd1+ 42. Kh2 Qd2 43. Kg2 Qd5+ 44. Kh2 Kh6 45. Qe8 Qd6 46. Qc6
Qe5 47. Kg2 Qg5+ 48. Kh2 e5 49. Qe8 f3 50. Qf8+ Qg7 51. Qxg7+ Kxg7 52. Kg3 e4
53. Kf4 f5 54. h4 Kf6 55. h5 h6 0-1

[Event "Washington Open--Open Section"]
[Site "Lynnwood, WA"]
[Date "2017.05.28"]
[Round "4"]
[White "Seitzer  (OR), Phillip"]
[Black "Zavortink  (OR), Matt"]
[Result "1/2-1/2"]
[WhiteElo "2058"]
[BlackElo "2229"]
[PlyCount "100"]
[EventDate "2017.06.02"]
[SourceDate "2017.07.04"]
[SourceVersionDate "2017.07.04"]

1. Nf3 e6 2. d4 f5 3. g3 Nf6 4. Bg2 d5 5. O-O Bd6 6. c4 O-O 7. b3 b6 8. Bb2 Bb7
9. Ne5 Nbd7 10. e3 c6 11. Qe2 Qe7 12. Nd2 a5 13. a4 Rfc8 14. f4 Ba6 15. Ndf3
Bb4 16. Nxd7 Nxd7 17. Ne5 Nxe5 18. fxe5 Rc7 19. Rfc1 Rac8 20. Qd1 Qg5 21. Kf2
Qh6 22. Qf3 c5 23. cxd5 Bb7 24. Qe2 Bxd5 25. Bxd5 exd5 26. Kg2 c4 27. bxc4 Rxc4
28. Rxc4 Rxc4 29. Kh1 Qc6 30. Qd1 g6 31. Rc1 Kg7 32. Rxc4 Qxc4 33. Kg1 Be7 34.
Kf2 Qa2 35. Qa1 Qb3 36. h4 g5 37. hxg5 Qc2+ 38. Kf3 Qe4+ 39. Kf2 Qc2+ 40. Kf3
Bxg5 41. Qc1 Qxa4 42. Qc7+ Kh6 43. Qd6+ Kh5 44. Qxd5 Qd1+ 45. Kg2 Qe2+ 46. Kh3
Qxb2 47. Qf7+ Kh6 48. Qf8+ Kg6 49. Qg8+ Kh6 50. Qf8+ Kg6 1/2-1/2

[Event "Washington Open--Reserve Section"]
[Site "Lynnwood, WA"]
[Date "2017.05.28"]
[Round "4"]
[White "Su  (CAN), Ethan"]
[Black "Oliver  (WA), George"]
[Result "0-1"]
[WhiteElo "1357"]
[BlackElo "1536"]
[PlyCount "108"]
[EventDate "2017.06.02"]
[SourceDate "2017.07.04"]
[SourceVersionDate "2017.07.04"]

1. e4 Nf6 2. e5 Nd5 3. Bc4 c6 4. Bxd5 cxd5 5. Nf3 d6 6. O-O Bg4 7. exd6 Qxd6 8.
c3 e6 9. Qa4+ Nc6 10. Qxg4 Qd7 11. d4 f5 12. Qf4 Bd6 13. Qe3 O-O 14. Re1 Rae8
15. Qd3 h6 16. Na3 a6 17. Nc2 g5 18. Ne5 Nxe5 19. dxe5 Bc5 20. b4 Ba7 21. Nd4
Rf7 22. Be3 f4 23. Bd2 Rg7 24. b5 Bxd4 25. cxd4 Ra8 26. bxa6 bxa6 27. Rec1 h5
28. Rc3 Qe8 29. Rac1 Rb7 30. Qc2 Rab8 31. Rc8 Rxc8 32. Qxc8 Qxc8 33. Rxc8+ Kf7
34. Rc2 Rb1+ 35. Bc1 a5 36. Kf1 a4 37. Ke2 Kg6 38. f3 Rb4 39. Kd3 Kf5 40. h3
Rb1 41. g4+ fxg3 42. Be3 Rh1 43. Rg2 Rxh3 44. Kc3 g4 45. f4 h4 46. a3 Rh2 47.
Rg1 g2 48. Kb4 h3 49. Rc1 Rh1 50. Rc7 Rf1 51. Rf7+ Ke4 52. Kxa4 h2 53. f5 Rxf5
54. Rxf5 Kxf5 0-1

[Event "Washington Open--Reserve Section"]
[Site "Lynnwood, WA"]
[Date "2017.05.28"]
[Round "4"]
[White "Richards  (WA), Jerrold"]
[Black "Hua  (WA), Anthony"]
[Result "1-0"]
[WhiteElo "1362"]
[BlackElo "1082"]
[Annotator "Murlin"]
[PlyCount "89"]
[EventDate "2017.06.02"]
[SourceDate "2017.07.04"]
[SourceVersionDate "2017.07.04"]

1. c4 e6 2. g3 d5 3. cxd5 exd5 4. Bg2 Nf6 5. Nf3 Be7 6. Nc3 c6 7. d4 Be6 8. O-O
O-O 9. e3 Qc8 10. Ne2 Bh3 11. Nf4 Bxg2 12. Kxg2 Bd6 13. Nd3 Ne4 14. Nfe5 Ng5
15. Qg4 Qxg4 16. Nxg4 h6 17. h4 Nh7 18. Bd2 Nd7 19. Bb4 Bxb4 20. Nxb4 Nhf6 21.
Nxf6+ Nxf6 22. Nd3 Ne4 23. Nc5 Nxc5 24. dxc5 Rad8 25. Rfd1 Rfe8 26. Rd4 Re4 27.
Rad1 Rde8 28. b4 Rxd4 29. Rxd4 Re4 30. Kf3 Re6 31. e4 dxe4+ 32. Rxe4 Kf8 33.
Rxe6 fxe6 34. Ke4 Kf7 35. Ke5 Ke7 36. h5 Kd7 37. g4 Ke7 38. f4 a6 39. a4 b5 40.
cxb6 Kd7 41. g5 Ke7 42. b7 Kd7 43. b8=Q Ke7 44. Qc7+ Kf8 45. Kxe6 {The
remainder is illegible.} 1-0

[Event "Washington Open--Open Section"]
[Site "Lynnwood, WA"]
[Date "2017.05.28"]
[Round "4"]
[White "Arganian  (WA), David"]
[Black "Deng  (WA), Samuel"]
[Result "1-0"]
[WhiteElo "2012"]
[BlackElo "1909"]
[PlyCount "101"]
[EventDate "2017.06.02"]
[SourceDate "2017.07.05"]
[SourceVersionDate "2017.07.05"]

1. e4 c6 2. d4 d5 3. e5 Bf5 4. Nf3 e6 5. Be2 Nd7 6. O-O Bg6 7. c3 Nh6 8. Re1
Nf5 9. Nbd2 Be7 10. Nf1 O-O 11. Ne3 Nxe3 12. Bxe3 Qb6 13. b3 Rfd8 14. Bd3 c5
15. Bxg6 fxg6 16. Bg5 Bxg5 17. Nxg5 Rf8 18. Qg4 Rf5 19. Rad1 cxd4 20. cxd4 Raf8
21. Qh4 h6 22. Nh3 Nb8 23. Qe7 R5f7 24. Qd6 Rd8 25. Qxb6 axb6 26. g3 g5 27. f4
g4 28. Nf2 h5 29. h3 g5 30. hxg4 gxf4 31. gxh5 fxg3 32. Ng4 Rf4 33. Nf6+ Kg7
34. Re3 Nd7 35. Rxg3+ Kf7 36. Nxd7 Rxd7 37. Rf1 Rxf1+ 38. Kxf1 Rc7 39. h6 Rc1+
40. Ke2 Rh1 41. Rg7+ Kf8 42. Rxb7 Rxh6 43. Rxb6 Ke7 44. a4 Rh2+ 45. Kd3 Rh3+
46. Kc2 Rh2+ 47. Kc3 Rh3+ 48. Kb4 Rd3 49. Rb7+ Kf8 50. Kc5 Rc3+ 51. Kd6 1-0

[Event "Washington Open--Booster Section"]
[Site "Lynnwood, WA"]
[Date "2017.05.28"]
[Round "4"]
[White "Bhoot  (WA), Nilay"]
[Black "Karis  (WA), Dirk"]
[Result "1/2-1/2"]
[WhiteElo "827"]
[BlackElo "981"]
[PlyCount "112"]
[EventDate "2017.06.02"]
[SourceDate "2017.07.05"]
[SourceVersionDate "2017.07.05"]

1. c4 e5 2. Nc3 Nf6 3. Nf3 Nc6 4. d3 Bb4 5. Bd2 O-O 6. a3 Bxc3 7. Bxc3 Re8 8.
d4 e4 9. Nd2 d5 10. e3 Bg4 11. Be2 Qd7 12. Bxg4 Qxg4 13. Qxg4 Nxg4 14. cxd5 Nd8
15. h3 Nf6 16. O-O Nxd5 17. Rac1 b6 18. b4 a5 19. bxa5 Nxc3 20. Rxc3 Rxa5 21.
Rxc7 Rxa3 22. Rb1 Ra2 23. Nc4 Ne6 24. Rb7 Rc8 25. Nd6 Rcc2 26. Nxe4 f5 27.
R7xb6 fxe4 28. Rxe6 Rxf2 29. Re8+ Rf8 30. Rxf8+ Kxf8 31. Rb8+ Kf7 32. Rb7+ Kf6
33. Rb6+ Kf7 34. Kh2 Re2 35. Rb7+ Kf6 36. Rb6+ Kf7 37. Rb3 Kf6 38. Kg3 g5 39.
Rb6+ Kf5 40. Rb5+ Kg6 41. Rb3 h5 42. Kh2 Rd2 43. Rb6+ Kf5 44. Rb5+ Kf6 45. Rb3
Rd3 46. Rb6+ Kf5 47. Rb5+ Kf6 48. Rb6+ Kf5 49. Rb5+ Kf6 50. Kg1 Rxe3 51. Kf2
Rd3 52. Rb6+ Kf5 53. Rb5+ Kf6 54. Rb6+ Kf5 55. Rb5+ Kf6 56. Rb6+ Kf5 1/2-1/2

[Event "Washington Open--Open Section"]
[Site "Lynnwood, WA"]
[Date "2017.05.27"]
[Round "2"]
[White "Dixon  (WA), Dakota"]
[Black "Anand  (WA), Vignesh"]
[Result "1-0"]
[WhiteElo "2176"]
[BlackElo "1853"]
[PlyCount "91"]
[EventDate "2017.06.02"]
[SourceDate "2017.07.06"]
[SourceVersionDate "2017.07.06"]

1. d4 Nf6 2. c4 g6 3. Nc3 d5 4. cxd5 Nxd5 5. e4 Nxc3 6. bxc3 Bg7 7. Bc4 c5 8.
Ne2 cxd4 9. cxd4 Nc6 10. Be3 Qa5+ 11. Bd2 Qd8 12. Be3 Qa5+ 13. Bd2 Qd8 14. Bc3
O-O 15. O-O Na5 16. Bd3 Nc6 17. Bb5 Bd7 18. Rb1 a6 19. Bxc6 Bxc6 20. d5 Bb5 21.
Bxg7 Kxg7 22. a4 Bxe2 23. Qxe2 Qd7 24. Rb4 Kg8 25. Rfb1 Rab8 26. Qb2 Rfc8 27.
f3 Rc7 28. a5 Qc8 29. h4 Rc2 30. Qe5 Qc5+ 31. Kh2 Qc7 32. Qxc7 Rxc7 33. Rb6 Rc5
34. Rxb7 Rxb7 35. Rxb7 Kf8 36. Rb8+ Kg7 37. g4 Rxa5 38. Re8 Ra2+ 39. Kg3 e6 40.
dxe6 fxe6 41. Rxe6 a5 42. Ra6 a4 43. Kf4 a3 44. Ke5 Kh6 45. Ra7 g5 46. Kf5 1-0

[Event "Washington Open--Open Section"]
[Site "Lynnwood, WA"]
[Date "2017.05.27"]
[Round "1"]
[White "Vijayakumar  (WA), Advaith"]
[Black "Dixon  (WA), Dakota"]
[Result "0-1"]
[WhiteElo "1786"]
[BlackElo "2176"]
[PlyCount "64"]
[EventDate "2017.06.02"]
[SourceDate "2017.07.06"]
[SourceVersionDate "2017.07.06"]

1. d4 Nf6 2. c4 g6 3. Nc3 Bg7 4. Nf3 O-O 5. Bg5 d6 6. e3 c5 7. Be2 h6 8. Bh4 g5
9. Bg3 Nh5 10. Qd2 Nc6 11. d5 Nxg3 12. hxg3 Ne5 13. Nxe5 Bxe5 14. Rxh6 Bg7 15.
Rh2 f5 16. O-O-O Qa5 17. Rdh1 a6 18. Rh5 Bf6 19. Rh6 g4 20. Qc2 Bg7 21. R6h5 b5
22. Bxg4 b4 23. Nd1 Qxa2 24. Bxf5 Bxf5 25. Rxf5 Rxf5 26. Qxf5 Qxc4+ 27. Kb1 a5
28. Rh4 Qe2 29. Kc1 b3 30. Qg6 Rf8 31. Qe6+ Rf7 32. Rh1 Qc2# 0-1

[Event "Washington Open--Open Section"]
[Site "Lynnwood, WA"]
[Date "2017.05.28"]
[Round "4"]
[White "Dixon  (WA), Dakota"]
[Black "Frantz  (WA), Joseph"]
[Result "1-0"]
[WhiteElo "2176"]
[BlackElo "1910"]
[PlyCount "43"]
[EventDate "2017.06.02"]
[SourceDate "2017.07.06"]
[SourceVersionDate "2017.07.06"]

1. d4 d5 2. c4 c6 3. Nc3 Nf6 4. Nf3 e6 5. Bg5 Be7 6. e3 O-O 7. Qc2 Nbd7 8. Rd1
h6 9. Bh4 Re8 10. a3 dxc4 11. Bxc4 b5 12. Ba2 Bb7 13. O-O Qb6 14. Bb1 Rac8 15.
Ne5 g6 16. Nxf7 Kxf7 17. Qxg6+ Kf8 18. Qxh6+ Kg8 19. Ne4 Nxe4 20. Bxe4 Nf8 21.
Bg3 Nd7 22. Bh7+ 1-0

[Event "Washington Open--Reserve Section"]
[Site "Lynnwood, WA"]
[Date "2017.05.27"]
[Round "1"]
[White "Kaelin  (WA), Alex"]
[Black "Anthony  (WA), Ralph"]
[Result "1/2-1/2"]
[WhiteElo "1436"]
[BlackElo "1723"]
[PlyCount "62"]
[EventDate "2017.06.02"]
[SourceDate "2017.07.06"]
[SourceVersionDate "2017.07.06"]

1. e4 d6 2. d4 Nf6 3. Nc3 g6 4. Be3 c6 5. f3 b5 6. Qd2 h5 7. O-O-O Bg7 8. h4
Qc7 9. Nh3 a5 10. Nf2 e5 11. d5 b4 12. Na4 cxd5 13. Nb6 d4 14. Nxa8 Qb7 15. Bg5
Nfd7 16. Qe1 Qxa8 17. Kb1 Qc6 18. Bd3 Bb7 19. Qe2 Ba6 20. g4 Nc5 21. Bxa6 Nbxa6
22. gxh5 Rxh5 23. Ng4 Ne6 24. Bf6 Nf4 25. Qf1 Bf8 26. Bg5 Be7 27. Bxf4 exf4 28.
Qd3 Rc5 29. Qxd4 Rxc2 30. Rc1 b3 31. axb3 Nb4 1/2-1/2

[Event "Washington Open--Reserve Section"]
[Site "Lynnwood, WA"]
[Date "2017.05.27"]
[Round "2"]
[White "Anthony  (WA), Ralph"]
[Black "Hua  (WA), Anthony"]
[Result "1-0"]
[WhiteElo "1723"]
[BlackElo "1082"]
[PlyCount "81"]
[EventDate "2017.06.02"]
[SourceDate "2017.07.06"]
[SourceVersionDate "2017.07.06"]

1. e4 e6 2. d4 d5 3. e5 c5 4. c3 Nc6 5. Nf3 Qb6 6. Be2 Nge7 7. O-O Nf5 8. g4
Nfe7 9. Na3 Ng6 10. h4 Be7 11. g5 Bd8 12. h5 Nge7 13. dxc5 Qxc5 14. Be3 Qa5 15.
Nb5 d4 16. Nd6+ Kf8 17. cxd4 Nd5 18. Bd2 Qb6 19. Nc4 Qc7 20. Rc1 b6 21. Nd6 a6
22. a3 Bb7 23. Qc2 Rc8 24. Nxc8 Qxc8 25. Qe4 Qd7 26. Bc4 Nce7 27. Qg4 Nf5 28.
Rfe1 b5 29. Bd3 Nde7 30. Be4 Bb6 31. Bxb7 Qxb7 32. Qe4 Qxe4 33. Rxe4 g6 34. h6
Nd5 35. Rc8+ Ke7 36. Rxh8 a5 37. Rxh7 b4 38. Rg7 Nxg7 39. hxg7 bxa3 40. bxa3
Bd8 41. g8=Q 1-0

[Event "Washington Open--Reserve Section"]
[Site "Lynnwood, WA"]
[Date "2017.05.28"]
[Round "3"]
[White "Daniels  (WA), Nolan"]
[Black "Anthony  (WA), Ralph"]
[Result "0-1"]
[WhiteElo "1519"]
[BlackElo "1723"]
[PlyCount "50"]
[EventDate "2017.06.02"]
[SourceDate "2017.07.07"]
[SourceVersionDate "2017.07.07"]

1. e4 d6 2. d4 Nf6 3. Nd2 g6 4. Ngf3 Bg7 5. Bd3 O-O 6. c3 e5 7. dxe5 dxe5 8.
Nxe5 Nxe4 9. Nxe4 Bxe5 10. Bg5 Qe8 11. O-O Bf5 12. Re1 Qc6 13. Qe2 Nd7 14. Bb5
Qxe4 15. Qxe4 Bxe4 16. Bxd7 Bf5 17. Be7 Bxd7 18. Bxf8 Bxc3 19. bxc3 Kxf8 20.
Re5 Be6 21. a4 Rd8 22. h4 Rd3 23. Rc5 Rd7 24. Kf1 Ke7 25. Rb5 Bc4+ 0-1

[Event "Washington Open--Reserve Section"]
[Site "Lynnwood, WA"]
[Date "2017.05.28"]
[Round "4"]
[White "Anthony  (WA), Ralph"]
[Black "Charleston  (WA), Scott"]
[Result "0-1"]
[WhiteElo "1723"]
[BlackElo "1518"]
[PlyCount "109"]
[EventDate "2017.06.02"]
[SourceDate "2017.07.07"]
[SourceVersionDate "2017.07.07"]

1. e4 d5 2. exd5 Qxd5 3. Nc3 Qa5 4. d4 c6 5. Nf3 Nf6 6. Bd2 Qc7 7. Be2 Bf5 8.
O-O e6 9. Nh4 Bg6 10. Nxg6 hxg6 11. g3 Bd6 12. Bf3 Nbd7 13. Be3 Nd5 14. Nxd5
cxd5 15. a4 Nb6 16. b3 Qc3 17. a5 Nd7 18. Qd2 Bb4 19. Qxc3 Bxc3 20. Ra2 Nb8 21.
Rd1 Na6 22. Be2 Nb4 23. Ra4 O-O 24. Bd2 Bxd2 25. Rxd2 Nc6 26. c4 dxc4 27. bxc4
Rfd8 28. d5 Ne7 29. d6 Nc6 30. c5 f5 31. Bf3 Rac8 32. Bxc6 Rxc6 33. Rc4 b6 34.
axb6 axb6 35. Rdc2 bxc5 36. Rxc5 Rcxd6 37. Rc8 Kf7 38. Rxd8 Rxd8 39. f4 Re8 40.
Kf2 g5 41. fxg5 Re7 42. Kf3 Kg6 43. h4 e5 44. Rc5 Kh5 45. Rc3 Ra7 46. Rb3 Rf7
47. Rc3 f4 48. Ke4 Kg4 49. gxf4 exf4 50. g6 Rf6 51. Rc1 f3 52. Rg1+ Kxh4 53.
Ke3 f2 54. Rf1 Kg3 55. Ke2 0-1

[Event "Washington Open--Open Section"]
[Site "Lynnwood, WA"]
[Date "2017.05.29"]
[Round "5"]
[White "Arganian  (WA), David"]
[Black "Roring  (OR), Tres"]
[Result "1/2-1/2"]
[WhiteElo "2012"]
[BlackElo "2076"]
[PlyCount "39"]
[EventDate "2017.06.02"]
[SourceDate "2017.07.07"]
[SourceVersionDate "2017.07.07"]

1. e4 e5 2. Nf3 Nc6 3. Bb5 Nf6 4. O-O Nxe4 5. d4 Nd6 6. Bxc6 dxc6 7. dxe5 Nf5
8. Qxd8+ Kxd8 9. Nc3 Ke8 10. Ne4 Be7 11. b3 h6 12. Bb2 b6 13. h3 h5 14. Rfd1
Bd7 15. Neg5 Rd8 16. Rd3 Bc8 17. Rxd8+ Bxd8 18. Rd1 Be7 19. Re1 Rh6 20. Bc1
1/2-1/2

[Event "Washington Open--Reserve Section"]
[Site "Lynnwood, WA"]
[Date "2017.05.29"]
[Round "5"]
[White "Tien  (WA), Andy"]
[Black "Orr  (WA), Michael"]
[Result "0-1"]
[WhiteElo "1456"]
[BlackElo "1613"]
[PlyCount "46"]
[EventDate "2017.06.02"]
[SourceDate "2017.07.07"]
[SourceVersionDate "2017.07.07"]

1. e4 c5 2. Nf3 d6 3. Bb5+ Nd7 4. c3 Ngf6 5. d3 a6 6. Bc4 e6 7. Nbd2 Be7 8. O-O
O-O 9. d4 cxd4 10. cxd4 d5 11. Bd3 dxe4 12. Nxe4 b5 13. Qc2 Bb7 14. Nxf6+ Nxf6
15. Ng5 Qd5 16. f4 Qxd4+ 17. Kh1 h6 18. Nh7 Rac8 19. Qb1 Rfd8 20. Nxf6+ Bxf6
21. Rd1 Be4 22. a3 Bxd3 23. Qa2 Qf2 0-1

[Event "Washington Open--Open Section"]
[Site "Lynnwood, WA"]
[Date "2017.05.29"]
[Round "5"]
[White "McCoy  (OR), Owen"]
[Black "Ramachandren  (WA), Sriduran"]
[Result "1-0"]
[WhiteElo "2049"]
[BlackElo "1859"]
[PlyCount "45"]
[EventDate "2017.06.02"]
[SourceDate "2017.07.07"]
[SourceVersionDate "2017.07.07"]

1. e4 c5 2. Nc3 d6 3. g3 g6 4. Bg2 Bg7 5. d3 Nc6 6. Be3 e6 7. Qd2 Nge7 8. Bh6
O-O 9. Bxg7 Kxg7 10. h4 h5 11. Nge2 Nd4 12. Nd1 Nec6 13. c3 Nxe2 14. Qxe2 e5
15. Ne3 Be6 16. O-O Qd7 17. Kh2 Ne7 18. f4 exf4 19. Rxf4 f5 20. Bh3 fxe4 21.
Bxe6 Qxe6 22. Rxe4 Qd7 23. Rxe7+ 1-0

[Event "Washington Open--Open Section"]
[Site "Lynnwood, WA"]
[Date "2017.05.29"]
[Round "5"]
[White "Patel  (OR), Kian"]
[Black "Moore  (OR), Michael"]
[Result "1-0"]
[WhiteElo "1858"]
[BlackElo "1699"]
[PlyCount "43"]
[EventDate "2017.06.02"]
[SourceDate "2017.07.07"]
[SourceVersionDate "2017.07.07"]

1. e3 Nf6 2. f4 d5 3. Nf3 c5 4. b3 e6 5. Bb2 Be7 6. d4 O-O 7. Bd3 Nbd7 8. O-O
Re8 9. Nbd2 b6 10. Ne5 Bb7 11. Qf3 Qc7 12. Qh3 a6 13. Rad1 g6 14. Ndf3 b5 15.
Nxd7 Nxd7 16. dxc5 Bf6 17. Bxf6 Nxf6 18. b4 Kg7 19. Ne5 h5 20. Qg3 Ne4 21. Bxe4
dxe4 22. Rd7 1-0

[Event "Washington Open--Open Section"]
[Site "Lynnwood, WA"]
[Date "2017.05.29"]
[Round "5"]
[White "Frantz  (WA), Joseph"]
[Black "Bravo  (WA), Angelo"]
[Result "1-0"]
[WhiteElo "1910"]
[BlackElo "1600"]
[Annotator "Murlin"]
[PlyCount "55"]
[EventDate "2017.06.02"]
[SourceDate "2017.07.07"]
[SourceVersionDate "2017.07.07"]

1. e4 c6 2. d4 d6 3. f4 g6 4. Nf3 Bg7 5. Nc3 a5 6. Be2 a4 7. O-O Bd7 8. Be3 Qb6
9. Qd2 Nf6 10. h3 O-O 11. Nh2 a3 12. b3 Qc7 13. e5 Ne8 14. Ng4 h5 15. Nh2 b5
16. g4 b4 17. Ne4 hxg4 18. hxg4 f5 19. Ng5 fxg4 20. e6 g3 21. Ng4 Bc8 22. Bd3
Nf6 23. Qd1 c5 24. Bxg6 cxd4 25. Bf7+ Rxf7 26. exf7+ Kf8 27. Nxf6 exf6 28. Bxd4
1-0

[Event "Washington Open--Open Section"]
[Site "Lynnwood, WA"]
[Date "2017.05.29"]
[Round "5"]
[White "Shea  (WA), Adam"]
[Black "Tien  (WA), Sophie"]
[Result "0-1"]
[WhiteElo "1078"]
[BlackElo "1704"]
[Annotator "Murlin"]
[PlyCount "41"]
[EventDate "2017.06.02"]
[SourceDate "2017.07.08"]
[SourceVersionDate "2017.07.08"]

1. e4 e5 2. Nc3 Nc6 3. g3 Nf6 4. Bg2 Bc5 5. Nge2 d6 6. O-O Be6 7. d3 Qd7 8. h3
Bxh3 9. Kh2 Ng4+ 10. Kg1 Bxg2 11. Kxg2 h5 12. f4 h4 13. gxh4 Rxh4 14. Rh1 Rxh1
15. Qxh1 O-O-O 16. a3 Nf2 17. Qh2 Qg4+ 18. Qg3 Rh8 19. Qxg4+ Nxg4 20. b4 Bb6
21. Nd5 {Remainder of the game not recorded due to time pressure.} 0-1

[Event "Washington Open--Reserve Section"]
[Site "Lynnwood, WA"]
[Date "2017.05.29"]
[Round "5"]
[White "Rajesh  (WA), Anirudh"]
[Black "Cicio  (WA), Daniel"]
[Result "1/2-1/2"]
[WhiteElo "1489"]
[BlackElo "1271"]
[PlyCount "52"]
[EventDate "2017.06.02"]
[SourceDate "2017.07.08"]
[SourceVersionDate "2017.07.08"]

1. d4 d5 2. c4 c6 3. Nc3 Nf6 4. Nf3 e6 5. e3 Nbd7 6. Bd3 dxc4 7. Bxc4 b5 8. Bd3
Bb7 9. a3 a5 10. Bd2 Be7 11. O-O O-O 12. Rc1 Qb6 13. Ne4 Nxe4 14. Bxe4 c5 15.
Bxb7 Qxb7 16. dxc5 Bxc5 17. b4 axb4 18. Bxb4 Bxb4 19. axb4 Ra4 20. Qd2 Nb6 21.
Rc5 Nc4 22. Qc3 Rc8 23. Rd1 f6 24. Nd2 Rxc5 25. bxc5 Nxd2 26. Qxd2 Rc4 1/2-1/2

[Event "Washington Open--Booster Section"]
[Site "Lynnwood, WA"]
[Date "2017.05.29"]
[Round "5"]
[White "Brokaw  (WA), Benjamin"]
[Black "Oregel  (WA), Isaias"]
[Result "1-0"]
[WhiteElo "1203"]
[BlackElo "756"]
[PlyCount "47"]
[EventDate "2017.06.02"]
[SourceDate "2017.07.08"]
[SourceVersionDate "2017.07.08"]

1. e4 d6 2. Nf3 Nd7 3. d4 c6 4. Nc3 g6 5. Bc4 Ngf6 6. h3 Bg7 7. e5 dxe5 8. dxe5
Nh5 9. g4 Nxe5 10. Qxd8+ Kxd8 11. Nxe5 Bxe5 12. gxh5 gxh5 13. Bxf7 h4 14. Bh6
Bf5 15. O-O-O+ Kc7 16. Rhe1 Bf6 17. Be6 Rad8 18. Bxf5 Rd6 19. Bf4 Rhd8 20.
Bxd6+ Rxd6 21. Rxd6 Kxd6 22. Ne4+ Ke5 23. Nxf6+ Kxf6 24. Bxh7 1-0

[Event "Washington Open--Reserve Section"]
[Site "Lynnwood, WA"]
[Date "2017.05.29"]
[Round "5"]
[White "Buchignani  (WA), Paul"]
[Black "Su  (CAN), Ethan"]
[Result "0-1"]
[WhiteElo "1473"]
[BlackElo "1357"]
[PlyCount "66"]
[EventDate "2017.06.02"]
[SourceDate "2017.07.08"]
[SourceVersionDate "2017.07.08"]

1. e4 e5 2. Nf3 Nc6 3. d4 exd4 4. Bc4 d6 5. Nxd4 Bd7 6. O-O Nf6 7. Nc3 Be7 8.
f4 O-O 9. Be3 Nxd4 10. Bxd4 Bc6 11. Qe1 Re8 12. Qg3 Bf8 13. Bxf6 Qxf6 14. e5
Qd8 15. Rad1 Qe7 16. Nd5 Bxd5 17. Bxd5 Rab8 18. Rfe1 dxe5 19. fxe5 Qc5+ 20. Kh1
c6 21. Bb3 Rbd8 22. Rxd8 Rxd8 23. e6 fxe6 24. Rxe6 Kh8 25. Re1 Bd6 26. Rd1 Rf8
27. Qd3 Qe5 28. g3 Bc5 29. c3 Qf6 30. Kg2 Qf2+ 31. Kh3 Qf6 32. Bc2 Qh6+ 33. Kg2
Rf2+ 0-1

[Event "Washington Open--Open Section"]
[Site "Lynnwood, WA"]
[Date "2017.05.29"]
[Round "5"]
[White "Kuhner  (WA), Mary"]
[Black "Perez  (WA), Ignacio"]
[Result "0-1"]
[WhiteElo "1910"]
[BlackElo "2233"]
[PlyCount "60"]
[EventDate "2017.06.02"]
[SourceDate "2017.07.08"]
[SourceVersionDate "2017.07.08"]

1. e4 d6 2. d4 Nf6 3. Bd3 e5 4. c3 g6 5. Nf3 Nbd7 6. O-O Bg7 7. Nbd2 O-O 8. Re1
b6 9. a4 a6 10. b4 Bb7 11. Ba3 Re8 12. d5 Nh5 13. c4 g5 14. Nf1 g4 15. N3d2 Nf4
16. Bc2 h5 17. Ne3 Nf8 18. c5 N8g6 19. cxb6 cxb6 20. b5 axb5 21. axb5 Bf8 22.
Ndc4 Nh4 23. Nd2 Bh6 24. Ndf1 Qf6 25. Ng3 Nhxg2 26. Rf1 Nh4 27. Nef5 Nf3+ 28.
Kh1 Bf8 29. Ne2 Nxe2 30. Qxe2 Bc8 0-1

[Event "Washington Open--Booster Section"]
[Site "Lynnwood, WA"]
[Date "2017.05.29"]
[Round "5"]
[White "Zhang  (OR), Lucas"]
[Black "Valeriote  (WA), Cecelia"]
[Result "0-1"]
[WhiteElo "664"]
[BlackElo "959"]
[PlyCount "68"]
[EventDate "2017.06.02"]
[SourceDate "2017.07.09"]
[SourceVersionDate "2017.07.09"]

1. d4 d5 2. c4 e6 3. Nc3 Nf6 4. Nf3 c6 5. Bf4 Be7 6. e3 Nbd7 7. Bd3 O-O 8. O-O
b6 9. Qc2 Bb7 10. Rad1 Re8 11. cxd5 cxd5 12. Bb5 Rc8 13. Ne5 Bd6 14. Bxd7 Nxd7
15. Nxd7 Bxf4 16. exf4 Qxd7 17. Rd3 Ba6 18. Rg3 Bxf1 19. Qd2 Ba6 20. Qe3 Bb7
21. Qe5 g6 22. h4 h5 23. Qxh5 Kf8 24. Qh8+ Ke7 25. Qe5 Kd8 26. Qf6+ Qe7 27. Qe5
f6 28. Qe1 e5 29. Rxg6 exd4 30. Qxe7+ Rxe7 31. Rg8+ Re8 32. Rxe8+ Kxe8 33. Nb5
d3 34. Kf1 Rc1# 0-1

[Event "Washington Open--Reserve Section"]
[Site "Lynnwood, WA"]
[Date "2017.05.29"]
[Round "5"]
[White "Gregson  (WA), Daniel"]
[Black "Greenawalt  (WA), Larry"]
[Result "1-0"]
[WhiteElo "1305"]
[BlackElo "1416"]
[PlyCount "61"]
[EventDate "2017.06.02"]
[SourceDate "2017.07.09"]
[SourceVersionDate "2017.07.09"]

1. e4 e5 2. f4 exf4 3. Nf3 g5 4. h4 g4 5. Ng5 d6 6. Bc4 Nh6 7. d4 f6 8. Ne6
Bxe6 9. Bxe6 Qe7 10. d5 Qg7 11. Bxf4 f5 12. Nc3 fxe4 13. Qe2 Nd7 14. Bxh6 Qxh6
15. Qxg4 Qe3+ 16. Qe2 Qg3+ 17. Kd1 e3 18. Rh3 Qf4 19. Qh5+ Kd8 20. Qg5+ Qxg5
21. hxg5 Bg7 22. Ke2 Bxc3 23. bxc3 Nc5 24. Rah1 Nxe6 25. dxe6 Ke7 26. Rxh7+
Rxh7 27. Rxh7+ Kxe6 28. Rxc7 b6 29. g6 d5 30. g7 Kd6 31. Rf7 1-0